The history of Indian art / (Record no. 143563)

MARC details
000 -LEADER
fixed length control field 00519nam a22001817a 4500
005 - DATE AND TIME OF LATEST TRANSACTION
control field 20170818154442.0
010 ## - LCCN (DPL NO)
LC control number ENG-119953
020 ## - INTERNATIONAL STANDARD BOOK NUMBER
Terms of availability 250.00
International Standard Book Number 9788179254752
035 ## - SYSTEM CONTROL NUMBER
System control number EN-103485
037 ## - SOURCE OF ACQUISITION
Source of stock number/acquisition DBAD/PUB
082 ## - DEWEY DECIMAL CLASSIFICATION NUMBER
Classification number 759.954
100 ## - MAIN ENTRY--PERSONAL NAME
Personal name Ketkar,Sandhya
245 ## - TITLE STATEMENT
Title The history of Indian art /
Statement of responsibility, etc by Sandhya Ketkar
260 ## - PUBLICATION, DISTRIBUTION, ETC. (IMPRINT)
Place of publication, distribution, etc Teynampet
Name of publisher, distributor, etc Jyotsna Prakashan
Date of publication, distribution, etc 2016
270 ## - ADDRESS
Address 421
City Teynampet(Chennai )
Postal code 600013
300 ## - PHYSICAL DESCRIPTION
Extent xxxiii,1509p.
Dimensions 19cm(Hb)
942 ## - ADDED ENTRY ELEMENTS (KOHA)
Source of classification or shelving scheme Dewey Decimal Classification
Item type English Books
Call number suffix KET
Classification part 759.954
Holdings
Withdrawn status Lost status Not for loan Collection code Home library Current library Date acquired Source of acquisition Cost, normal purchase price Full call number Barcode Copy number Cost, replacement price Koha item type
    Not For Loan Non-fiction D.B.Act.Division Bawana 18/08/2017 DBAD/PUB 250.00 759 KET EN-103485 1 250.00 English Books

© Delhi Public Library
Hit Counter
free hit counter